[Event "World Youth U16 Olympiad"]
[Site "Gyor HUN"]
[Date "2014.12.16"]
[Round "5.2"]
[Board "1"]
[White "Donchenko, Alexander"]
[Black "Sibashvili, Giorgi"]
[Result "1/2-1/2"]
[WhiteTitle "IM"]
[BlackTitle "FM"]
[WhiteElo "2523"]
[BlackElo "2387"]
[WhiteTeam "Germany"]
[BlackTeam "Georgia"]
[WhiteFideId "24603295"]
[BlackFideId "13602799"]
[EventDate "2014.12.13"]
[EventType "team"]

1. e4 e6 2. d4 d5 3. Nd2 c5 4. exd5 exd5 5. Ngf3 Nc6 6. Bb5 Bd6 7. dxc5 Bxc5 8.
O-O Ne7 9. Nb3 Bb6 10. Re1 O-O 11. Bg5 h6 12. Bh4 g5 13. Bg3 Nf5 14. c3 Be6 15.
Bd3 Nxg3 16. hxg3 Qf6 17. Bc2 Bf5 18. Bxf5 Qxf5 19. Qd2 Rfe8 20. Nbd4 Nxd4 21.
Nxd4 Qg4 22. Kf1 Bxd4 23. Qxd4 Qxd4 24. cxd4 Rac8 25. Rxe8+ Rxe8 26. Rc1 Re4 27.
Rc7 Rxd4 28. Rxb7 Rd2 29. g4 d4 30. Ke1 Rc2 1/2-1/2

[Event "World Youth U16 Olympiad"]
[Site "Gyor HUN"]
[Date "2014.12.16"]
[Round "5.2"]
[Board "2"]
[White "Tutisani, Noe"]
[Black "Perske, Thore"]
[Result "1/2-1/2"]
[WhiteElo "2301"]
[BlackElo "2402"]
[WhiteTeam "Georgia"]
[BlackTeam "Germany"]
[WhiteFideId "13602853"]
[BlackFideId "12902195"]
[EventDate "2014.12.13"]
[EventType "team"]

1. e4 e6 2. d4 d5 3. Nd2 Be7 4. Ngf3 Nf6 5. e5 Nfd7 6. Bd3 c5 7. c3 Nc6 8. O-O
h5 9. b3 cxd4 10. cxd4 Qb6 11. Bb2 g5 12. h3 g4 13. hxg4 hxg4 14. Ne1 g3 15. Qg4
Ncxe5 16. Qxg3 Nc6 17. Nef3 Nf6 18. a4 Bd7 19. Rfc1 a6 20. Ne5 Rg8 21. Qf4 Nxe5
22. dxe5 Nh5 23. Qh2 Qb4 24. Qxh5 Qxd2 25. Qh7 Qg5 26. g3 Bc6 27. Be2 Kd7 28.
Qd3 Rh8 29. Kg2 Rh6 30. Rh1 Rah8 31. Bd4 Qg7 32. Bf3 f5 33. Qd2 Bg5 34. Qb4 Be7
35. Qd2 Bg5 36. Qb4 Be7 1/2-1/2

[Event "World Youth U16 Olympiad"]
[Site "Gyor HUN"]
[Date "2014.12.16"]
[Round "5.2"]
[Board "3"]
[White "Vogel, Roven"]
[Black "Khomeriki, Nino"]
[Result "0-1"]
[BlackTitle "WFM"]
[WhiteElo "2401"]
[BlackElo "2141"]
[WhiteTeam "Germany"]
[BlackTeam "Georgia"]
[WhiteFideId "12908088"]
[BlackFideId "13603191"]
[EventDate "2014.12.13"]
[EventType "team"]

1. b3 e5 2. Bb2 d6 3. c4 Nf6 4. e3 g6 5. d3 Bg7 6. Nf3 O-O 7. Be2 Nbd7 8. O-O
Nh5 9. Nfd2 Qg5 10. Ne4 Qh4 11. g3 Qe7 12. Bxh5 gxh5 13. Qxh5 f5 14. Nec3 Nc5
15. Qe2 f4 16. exf4 Bh3 17. Nd2 Qd7 18. Nde4 exf4 19. Nd5 Bxf1 20. Rxf1 f3 21.
Qd2 Nxe4 22. dxe4 Bxb2 23. Qxb2 Qh3 24. Ne3 Rae8 25. Kh1 Re6 26. Qd2 Rh6 27.
Qd5+ Kh8 28. Qd4+ Rff6 0-1

[Event "World Youth U16 Olympiad"]
[Site "Gyor HUN"]
[Date "2014.12.16"]
[Round "5.2"]
[Board "4"]
[White "Ghvamberia, Nika"]
[Black "Sieber, Fiona"]
[Result "0-1"]
[WhiteElo "2122"]
[BlackElo "2019"]
[WhiteTeam "Georgia"]
[BlackTeam "Germany"]
[WhiteFideId "13602128"]
[BlackFideId "12902373"]
[EventDate "2014.12.13"]
[EventType "team"]

1. e4 c5 2. Nf3 d6 3. d4 cxd4 4. Nxd4 Nf6 5. Nc3 Nc6 6. Bg5 e6 7. Qd2 a6 8.
O-O-O Bd7 9. f4 b5 10. Bxb5 axb5 11. Ndxb5 Nb4 12. a3 Na2+ 13. Nxa2 Bxb5 14. Nc3
Bc6 15. Rhe1 Be7 16. Qe2 O-O 17. Rd3 Qb6 18. Rg3 Rfb8 19. b3 Rxa3 20. Kb2 Rba8
21. e5 dxe5 22. fxe5 Qd4 23. Rd3 Ra2+ 24. Kc1 Ra1+ 25. Kd2 Ne4+ 26. Nxe4 Bb4+ 0-1

[Event "World Youth U16 Olympiad"]
[Site "Gyor HUN"]
[Date "2014.12.16"]
[Round "5.3"]
[Board "1"]
[White "Gledura, Benjamin"]
[Black "Nigmatov, Ortik"]
[Result "1/2-1/2"]
[WhiteTitle "IM"]
[WhiteElo "2450"]
[BlackElo "2236"]
[WhiteTeam "Hungary 1"]
[BlackTeam "Uzbekistan"]
[WhiteFideId "712779"]
[BlackFideId "14202131"]
[EventDate "2014.12.13"]
[EventType "team"]

1. e4 c5 2. b3 d6 3. Bb2 Nc6 4. Bb5 Bd7 5. f4 e6 6. Nf3 Nf6 7. Nc3 Be7 8. O-O
O-O 9. d3 Rc8 10. Kh1 a6 11. Bxc6 Bxc6 12. Qe1 b5 13. Rd1 Bb7 14. a4 Qb6 15.
axb5 axb5 16. e5 Nd5 17. Ne4 dxe5 18. Nxe5 Rcd8 19. c4 Nf6 20. Nxf6+ Bxf6 21.
Qg3 Kh8 22. Ba1 Bxe5 23. Bxe5 f6 24. Ba1 Ra8 25. Qf2 bxc4 26. bxc4 Qc6 27. Rd2
Rfd8 28. Rg1 Ra3 29. Qe3 Raa8 30. Bb2 Kg8 1/2-1/2

[Event "World Youth U16 Olympiad"]
[Site "Gyor HUN"]
[Date "2014.12.16"]
[Round "5.3"]
[Board "2"]
[White "Yakubboev, Nodirbek"]
[Black "Korpa, Bence"]
[Result "1/2-1/2"]
[BlackTitle "IM"]
[WhiteElo "2144"]
[BlackElo "2415"]
[WhiteTeam "Uzbekistan"]
[BlackTeam "Hungary 1"]
[WhiteFideId "14203987"]
[BlackFideId "706671"]
[EventDate "2014.12.13"]
[EventType "team"]

1. d4 d6 2. Nf3 Bg4 3. e4 Nf6 4. Bd3 e6 5. O-O Be7 6. c3 d5 7. Nbd2 Nbd7 8. e5
Ng8 9. Re1 c5 10. Rb1 cxd4 11. cxd4 Nh6 12. Nb3 Bb4 13. Rf1 Rc8 14. h3 Bh5 15.
g4 Bg6 16. Bg5 Be7 17. Be3 O-O 18. Qe2 Bxd3 19. Qxd3 f6 20. Bxh6 gxh6 21. exf6
Rxf6 22. Rbe1 Bd6 23. Re3 Qf8 24. Kg2 Qf7 25. Nbd2 Nf8 26. Nh4 Bf4 27. Re2 h5
28. Rg1 hxg4 29. hxg4 Rh6 30. Ndf3 Ng6 31. Nxg6 hxg6 32. Rge1 Rc6 33. Rc2 g5 34.
Rxc6 bxc6 35. Re2 Bd6 36. Qe3 Bf4 37. Nxg5 Qf8 38. Nxe6 Rh2+ 39. Kg1 Rh1+ 40.
Kg2 Rh2+ 41. Kg1 Rh1+ 1/2-1/2

[Event "World Youth U16 Olympiad"]
[Site "Gyor HUN"]
[Date "2014.12.16"]
[Round "5.3"]
[Board "3"]
[White "Kantor, Gergely"]
[Black "Abdusattorova, Bakhora"]
[Result "1-0"]
[WhiteTitle "IM"]
[BlackTitle "WFM"]
[WhiteElo "2385"]
[BlackElo "2216"]
[WhiteTeam "Hungary 1"]
[BlackTeam "Uzbekistan"]
[WhiteFideId "751499"]
[BlackFideId "14204126"]
[EventDate "2014.12.13"]
[EventType "team"]

1. d4 Nf6 2. c4 e6 3. Nf3 d5 4. Nc3 Be7 5. Bf4 O-O 6. e3 c6 7. a3 Nbd7 8. Rc1 a6
9. c5 Nh5 10. Be5 f6 11. Bg3 g6 12. Be2 Ng7 13. b4 b6 14. O-O Bb7 15. Qb3 a5 16.
cxb6 axb4 17. Bc7 Qc8 18. axb4 Ne8 19. e4 Nxc7 20. bxc7 Nb6 21. b5 Ra3 22. Qb2
Nc4 23. Bxc4 dxc4 24. bxc6 Bxc6 25. Qe2 Qa6 26. d5 Bd7 27. dxe6 Bxe6 28. Nd5 Bd6
29. Qxc4 Qxc4 30. Rxc4 Bxd5 31. c8=Q Ra8 32. Qxf8+ 1-0

[Event "World Youth U16 Olympiad"]
[Site "Gyor HUN"]
[Date "2014.12.16"]
[Round "5.3"]
[Board "4"]
[White "Abdusattorov, Nodirbek"]
[Black "Antal, Tibor Kende"]
[Result "0-1"]
[WhiteTitle "FM"]
[BlackTitle "FM"]
[WhiteElo "2186"]
[BlackElo "2292"]
[WhiteTeam "Uzbekistan"]
[BlackTeam "Hungary 1"]
[WhiteFideId "14204118"]
[BlackFideId "738581"]
[EventDate "2014.12.13"]
[EventType "team"]

1. Nf3 d5 2. g3 c6 3. Bg2 Bg4 4. O-O Nd7 5. d4 e6 6. Nbd2 Ngf6 7. b3 Be7 8. Bb2
O-O 9. c4 a5 10. Ne5 Bf5 11. Re1 Nxe5 12. dxe5 Ne4 13. Nxe4 dxe4 14. Bc3 b5 15.
cxb5 cxb5 16. Qxd8 Rfxd8 17. Red1 b4 18. Bd4 f6 19. h3 a4 20. e3 fxe5 21. Bxe5
Rd5 22. Bd4 e5 23. Bb2 Rxd1+ 24. Rxd1 Bf6 25. g4 Bg6 26. bxa4 Rxa4 27. Bf1 Bf7
28. Bxe5 Rxa2 29. Bxf6 gxf6 30. Bg2 b3 31. Bxe4 Ra4 32. Bf5 Rb4 33. Kh2 b2 34.
Bb1 Bg6 35. Kg2 Kf7 36. Bxg6+ hxg6 37. Rb1 Ke6 38. f4 Kd5 39. h4 Kc4 40. h5 gxh5
41. gxh5 Kc3 42. Kf3 Kc2 43. Rxb2+ Rxb2 44. Ke4 Rb5 45. f5 Re5+ 46. Kf4 Kd3 47.
h6 Re4+ 48. Kf3 Rh4 0-1

[Event "World Youth U16 Olympiad"]
[Site "Gyor HUN"]
[Date "2014.12.16"]
[Round "5.5"]
[Board "1"]
[White "Asgarizadeh, Ahmad"]
[Black "Marek, Matyas"]
[Result "1/2-1/2"]
[BlackTitle "FM"]
[WhiteElo "2371"]
[BlackElo "2348"]
[WhiteTeam "Iran"]
[BlackTeam "Czech Republic"]
[WhiteFideId "12505684"]
[BlackFideId "335398"]
[EventDate "2014.12.13"]
[EventType "team"]

1. e4 c5 2. Nf3 d6 3. d4 cxd4 4. Nxd4 Nf6 5. Nc3 a6 6. Be3 e5 7. Nf3 Be7 8. Bc4
O-O 9. O-O Be6 10. Qe2 Nc6 11. Rfd1 b5 12. Bb3 Qc8 13. Bg5 Qb8 14. Bxf6 Bxf6 15.
Nd5 Bd8 16. c3 Na5 17. Bc2 Nc4 18. Bb3 Na5 19. Qe3 h6 20. h3 Ra7 21. Nd2 Nxb3
22. Nxb3 f5 23. exf5 Bxf5 24. Qd2 Rd7 25. Rf1 Bb6 26. Nxb6 Qxb6 27. Kh2 Be6 28.
Qe3 Qxe3 29. fxe3 Bc4 30. Rxf8+ Kxf8 31. Rd1 Ke7 32. Na5 Ke6 33. Kg3 Rf7 34. Nc6
Rc7 35. Na5 Bxa2 36. e4 Ke7 37. Kf3 Bf7 38. Ke3 Bg6 39. Ra1 Ke6 40. Rd1 h5 41.
h4 Be8 42. g3 Bc6 43. Rf1 Ke7 44. Ra1 Ba8 45. Nb3 Bb7 46. Na5 Ba8 47. Nb3 Rc4
48. Nd2 Rc6 49. Nb3 Ke6 50. Rf1 Rc8 51. Ra1 Rc6 52. Rf1 Ke7 53. Ra1 Rb6 54. Nc1
d5 55. exd5 Bxd5 56. Nd3 Kd6 57. Rd1 Bc4 58. Nf4+ Ke7 59. Nd5+ Bxd5 60. Rxd5 Ke6
61. Ke4 1/2-1/2

[Event "World Youth U16 Olympiad"]
[Site "Gyor HUN"]
[Date "2014.12.16"]
[Round "5.5"]
[Board "2"]
[White "Pulpan, Jakub"]
[Black "Tabatabaei, M.amin"]
[Result "0-1"]
[WhiteTitle "FM"]
[BlackTitle "FM"]
[WhiteElo "2264"]
[BlackElo "2363"]
[WhiteTeam "Czech Republic"]
[BlackTeam "Iran"]
[WhiteFideId "302759"]
[BlackFideId "12521213"]
[EventDate "2014.12.13"]
[EventType "team"]

1. e4 e6 2. d4 d5 3. Nd2 Nf6 4. Bd3 c5 5. c3 cxd4 6. cxd4 dxe4 7. Nxe4 Bd7 8.
Nf3 Nxe4 9. Bxe4 Bc6 10. Bxc6+ Nxc6 11. O-O Be7 12. Qb3 Qd7 13. Be3 O-O 14. Ne5
Nxe5 15. dxe5 b5 16. a4 a6 17. axb5 axb5 18. Rfd1 Qb7 19. Rac1 Rfd8 20. h3 h5
21. Rxd8+ Rxd8 22. Rd1 Qc6 23. Rxd8+ Bxd8 24. Qd3 Bc7 25. f4 g6 26. Kh2 Kg7 27.
Bf2 Qc1 28. Qd4 g5 29. Be3 Qc4 30. Qxc4 bxc4 31. Kg3 gxf4+ 32. Kxf4 f5 33. Bf2
Kg6 34. g4 hxg4 35. hxg4 fxg4 36. Kxg4 Bxe5 37. Kf3 Kf5 38. Ke3 Bxb2 39. Be1 e5
40. Bb4 Bd4+ 41. Ke2 Ke4 42. Bd2 Bb2 43. Bh6 c3 44. Kd1 Kd3 45. Bd2 c2+ 0-1

[Event "World Youth U16 Olympiad"]
[Site "Gyor HUN"]
[Date "2014.12.16"]
[Round "5.5"]
[Board "3"]
[White "Maghsoodloo, Parham"]
[Black "Kula, Dominik"]
[Result "1-0"]
[WhiteElo "2415"]
[BlackElo "2018"]
[WhiteTeam "Iran"]
[BlackTeam "Czech Republic"]
[WhiteFideId "12539929"]
[BlackFideId "344338"]
[EventDate "2014.12.13"]
[EventType "team"]

1. e4 c5 2. Nf3 d6 3. Bb5+ Nd7 4. c3 Nf6 5. Qe2 a6 6. Ba4 b5 7. Bc2 Bb7 8. d3 e6
9. O-O Be7 10. Nbd2 Qc7 11. Re1 Nb6 12. Nf1 d5 13. Ng3 O-O-O 14. e5 Nfd7 15. d4
Kb8 16. Ng5 Rdf8 17. Nxh7 Rc8 18. Bd3 Qd8 19. Qg4 cxd4 20. cxd4 g6 21. Ng5 Qg8
22. Nf3 Nc4 23. b3 Na3 24. Bg5 Bxg5 25. Qxg5 Nc2 26. Bxc2 Rxc2 27. Rec1 Qc8 28.
Ne1 Rc3 29. Ne2 Rxc1 30. Rxc1 Qf8 31. Nd3 Rh5 32. Qf4 g5 33. Qf3 Rh4 34. g3 Rh7
35. Qg2 f5 36. f3 Qh6 37. Rc2 g4 38. Nef4 Rh8 39. fxg4 fxg4 40. Qd2 Rc8 41.
Rxc8+ Bxc8 42. Nf2 Qg5 43. Qe2 1-0

[Event "World Youth U16 Olympiad"]
[Site "Gyor HUN"]
[Date "2014.12.16"]
[Round "5.5"]
[Board "4"]
[White "Nova, Michaela"]
[Black "Lorparizangeneh, Shahin"]
[Result "0-1"]
[BlackTitle "FM"]
[WhiteElo "2015"]
[BlackElo "2340"]
[WhiteTeam "Czech Republic"]
[BlackTeam "Iran"]
[WhiteFideId "368466"]
[BlackFideId "12521604"]
[EventDate "2014.12.13"]
[EventType "team"]

1. e4 c6 2. d4 d5 3. exd5 cxd5 4. Bd3 Nc6 5. c3 Qc7 6. h3 Nf6 7. Nf3 g6 8. Qc2
Bg7 9. O-O O-O 10. Bg5 Nh5 11. Qd2 f6 12. Be3 e5 13. Bc2 e4 14. Ne1 f5 15. f4
Be6 16. Na3 Ne7 17. Rc1 g5 18. Bb3 gxf4 19. Bxf4 Nxf4 20. Rxf4 Bh6 21. Rg4+ fxg4
22. Qxh6 Ng6 23. c4 Qg3 24. hxg4 Rf4 25. Qh3 Qf2+ 0-1

[Event "World Youth U16 Olympiad"]
[Site "Gyor HUN"]
[Date "2014.12.16"]
[Round "5.6"]
[Board "1"]
[White "Morozov, Nichita"]
[Black "Petrov, Martin"]
[Result "1/2-1/2"]
[WhiteTitle "FM"]
[WhiteElo "2307"]
[BlackElo "2183"]
[WhiteTeam "Moldova"]
[BlackTeam "Bulgaria"]
[WhiteFideId "13900897"]
[BlackFideId "2911086"]
[EventDate "2014.12.13"]
[EventType "team"]

1. d4 Nf6 2. c4 e6 3. Nf3 b6 4. a3 Bb7 5. Nc3 Ne4 6. Qc2 Nxc3 7. Qxc3 a5 8. Bf4
Be7 9. e3 O-O 10. Be2 d6 11. Rd1 Nd7 12. Qc2 f5 13. h4 h6 14. h5 a4 15. Bg3 Be4
16. Bd3 Nf6 17. Bh4 Bxd3 18. Qxd3 Ne4 19. Bxe7 Qxe7 20. Nd2 Nxd2 21. Rxd2 Ra5
22. g3 e5 23. Rh4 exd4 24. Rxd4 f4 25. Rxf4 Rxf4 26. gxf4 Rxh5 27. Qc2 Rh1+ 28.
Ke2 Qd7 29. Qe4 Rc1 30. Kd3 Qf7 31. Qa8+ Kh7 32. Qxa4 Qf5+ 33. Ke2 Qg4+ 34. Kd3 1/2-1/2

[Event "World Youth U16 Olympiad"]
[Site "Gyor HUN"]
[Date "2014.12.16"]
[Round "5.6"]
[Board "2"]
[White "Stefanov, Emil"]
[Black "Abramciuc, Marius"]
[Result "0-1"]
[WhiteElo "2134"]
[BlackElo "2204"]
[WhiteTeam "Bulgaria"]
[BlackTeam "Moldova"]
[WhiteFideId "2914794"]
[BlackFideId "13900609"]
[EventDate "2014.12.13"]
[EventType "team"]

1. d4 d5 2. c4 c6 3. Nf3 Nf6 4. Qc2 dxc4 5. Qxc4 Bf5 6. g3 Nbd7 7. Bg2 e6 8. O-O
Be7 9. Nc3 O-O 10. e3 b5 11. Qe2 Rc8 12. Nd2 b4 13. Na4 c5 14. e4 Bg4 15. f3 Bh5
16. g4 Bg6 17. dxc5 Qa5 18. b3 Nxc5 19. Nc4 Qa6 20. Nxc5 Bxc5+ 21. Be3 Nd7 22.
Rfd1 Nb6 23. Bxc5 Rxc5 24. Qe3 Qc8 25. Nd6 Qc7 26. Rac1 Rxc1 27. Qxc1 Qb8 28.
Qd2 a5 29. f4 Nd5 30. f5 Qxd6 31. fxg6 Qc5+ 32. Qd4 Qxd4+ 33. Rxd4 Nc3 34. gxh7+
Kxh7 35. Rd2 Rc8 36. Kf2 Kg6 37. Kg3 Nb1 38. Rd1 Nc3 39. Rd2 e5 40. h4 f6 41.
Kf3 Nb1 42. Rb2 Rc1 43. Ke3 Nc3 44. Bf3 Ra1 45. Kd3 Nxa2 46. Kc4 Nc3 47. Kd3 Nb5
48. Be2 Nd4 49. Kd2 Rh1 50. Bc4 Rxh4 51. Ke3 Rh3+ 52. Kd2 Rh2+ 53. Kc1 Rxb2 54.
Kxb2 Kg5 0-1

[Event "World Youth U16 Olympiad"]
[Site "Gyor HUN"]
[Date "2014.12.16"]
[Round "5.6"]
[Board "3"]
[White "Macovei, Andrei"]
[Black "Petrov, Vladimir Sergeev"]
[Result "1-0"]
[WhiteElo "2168"]
[BlackElo "2055"]
[WhiteTeam "Moldova"]
[BlackTeam "Bulgaria"]
[WhiteFideId "13904680"]
[BlackFideId "2902940"]
[EventDate "2014.12.13"]
[EventType "team"]

1. e4 c5 2. Nf3 d6 3. d4 cxd4 4. Nxd4 Nf6 5. Nc3 a6 6. Be3 e5 7. Nb3 Be6 8. f3
Be7 9. Qd2 O-O 10. O-O-O Nbd7 11. g4 b5 12. Rg1 b4 13. Nd5 Bxd5 14. exd5 Nb6 15.
Na5 Nfxd5 16. Nc6 Qc7 17. Nxe7+ Qxe7 18. Bxb6 Nxb6 19. Qxd6 Qg5+ 20. Qd2 Qe7 21.
g5 Rfd8 22. Bd3 Qc5 23. Qe2 g6 24. Rge1 e4 25. Qxe4 Qxg5+ 26. f4 Qf6 27. f5 a5
28. fxg6 hxg6 29. Rf1 Qg7 30. Qf3 Rd6 31. Rde1 Rf8 32. Qf4 Rc6 33. Qe5 a4 34.
Qxg7+ Kxg7 35. Kb1 a3 36. Re4 Nd5 37. Rd4 Rc5 38. Re1 Rh8 39. h4 Rh5 40. Kc1 Ra5
41. Bc4 axb2+ 42. Kxb2 Nc3 43. Re7 Raf5 44. a3 Na4+ 45. Kb3 bxa3 46. Kxa4 Ra5+
47. Kb4 a2 48. Rxf7+ Kh6 49. Bxa2 Rxa2 50. c4 Rb2+ 51. Kc3 Rh2 52. Rff4 Kg7 53.
Rde4 Rh8 54. c5 Rc8 55. Rc4 Rc6 56. Kd4 Rd2+ 57. Ke5 Rd7 58. Rfe4 Kf7 59. Red4
Rdc7 60. Kd5 Ke7 61. Rf4 Re6 62. Rce4 Rd7+ 63. Kc4 Rd1 64. Rxe6+ Kxe6 65. Rg4
Kd7 66. Rd4+ Rxd4+ 67. Kxd4 Kd8 68. Ke5 Ke7 69. c6 1-0

[Event "World Youth U16 Olympiad"]
[Site "Gyor HUN"]
[Date "2014.12.16"]
[Round "5.6"]
[Board "4"]
[White "Vasova, Maria"]
[Black "Chetrari, Nikita"]
[Result "1-0"]
[WhiteElo "2031"]
[BlackElo "2117"]
[WhiteTeam "Bulgaria"]
[BlackTeam "Moldova"]
[WhiteFideId "2900955"]
[BlackFideId "13904647"]
[EventDate "2014.12.13"]
[EventType "team"]

1. e4 c6 2. d4 d5 3. e5 Bf5 4. Nc3 e6 5. g4 Bg6 6. Nge2 f6 7. Nf4 fxe5 8. Nxe6
Qe7 9. Nxf8 exd4+ 10. Be2 dxc3 11. Nxg6 hxg6 12. Qd3 cxb2 13. Bxb2 Qf7 14. O-O-O
Nd7 15. Qd4 Ngf6 16. h4 Kd8 17. Qf4 Re8 18. Bd3 Re7 19. Ba3 c5 20. g5 Ne4 21.
Qxf7 Rxf7 22. Bxe4 dxe4 23. Bxc5 Kc7 24. Bd6+ Kc6 25. Bg3 Nf8 26. Rd6+ Kc5 27.
Rhd1 Re8 28. R1d5+ Kc4 29. Kd2 Rf3 30. Rd4+ Kc5 31. Ke2 Ra3 32. Rd8 Rxd8 33.
Rxd8 Ne6 34. Bd6+ Kc6 35. Bxa3 Nxd8 36. c4 Nf7 37. Ke3 Ne5 38. Kxe4 Nxc4 39. Bf8
Nd6+ 40. Ke5 Nc4+ 41. Ke6 Nd2 42. Kf7 Nf3 43. Kxg6 Nxh4+ 44. Kxg7 Kd5 45. Kf6
Ke4 46. g6 Nxg6 47. Kxg6 b6 48. Bh6 Kf3 49. Be3 1-0

[Event "World Youth U16 Olympiad"]
[Site "Gyor HUN"]
[Date "2014.12.16"]
[Round "5.7"]
[Board "2"]
[White "Moller, Sophus Mechlenburg"]
[Black "Cao, Jason"]
[Result "0-1"]
[BlackTitle "FM"]
[WhiteElo "2133"]
[BlackElo "2309"]
[WhiteTeam "Denmark"]
[BlackTeam "Canada 1"]
[WhiteFideId "1439090"]
[BlackFideId "2611112"]
[EventDate "2014.12.13"]
[EventType "team"]

1. e4 c5 2. Nf3 d6 3. d4 cxd4 4. Nxd4 Nf6 5. Nc3 a6 6. Bg5 Nbd7 7. f4 Qc7 8. Qe2
e6 9. O-O-O b5 10. a3 Bb7 11. g4 Be7 12. Bg2 Rc8 13. Bxf6 Nxf6 14. g5 Nd7 15. h4
Qc4 16. Qe1 b4 17. Bf1 Qc5 18. Nb3 Qb6 19. axb4 Qxb4 20. Kb1 Nc5 21. Bb5+ axb5
22. Rd4 Qxd4 23. Nxd4 b4 24. Na2 Bxe4 25. Rh2 d5 26. Nxb4 O-O 27. Qd2 Ra8 28.
Nd3 Ra4 29. Qe3 Rfa8 30. Kc1 Bxd3 31. Nc6 Bd6 32. cxd3 Bxf4 0-1

[Event "World Youth U16 Olympiad"]
[Site "Gyor HUN"]
[Date "2014.12.16"]
[Round "5.7"]
[Board "3"]
[White "Song, Michael"]
[Black "Jacobsen, Mikkel Manosri"]
[Result "1-0"]
[WhiteElo "2257"]
[BlackElo "2167"]
[WhiteTeam "Canada 1"]
[BlackTeam "Denmark"]
[WhiteFideId "2613190"]
[BlackFideId "1444514"]
[EventDate "2014.12.13"]
[EventType "team"]

1. e4 c6 2. Nc3 d5 3. Nf3 Bg4 4. h3 Bxf3 5. Qxf3 e6 6. d4 dxe4 7. Qxe4 Nf6 8.
Qh4 Nbd7 9. Bd3 Nd5 10. Qxd8+ Rxd8 11. Nxd5 cxd5 12. a4 Be7 13. O-O O-O 14. c3
Nb8 15. Bd2 Nc6 16. b4 e5 17. b5 Na5 18. dxe5 Nb3 19. Rad1 d4 20. cxd4 Rxd4 21.
Be3 Rxa4 22. Bc2 Rb4 23. Bxb3 Rxb3 24. Rd7 Bb4 25. Rxb7 Bc3 26. Bxa7 Bxe5 27.
Re1 f6 28. Be3 Rf7 29. Rxf7 Kxf7 30. b6 h5 31. Kf1 Rb2 32. Ra1 g5 33. Ra7+ Kg6
34. Re7 Bd6 35. Rd7 Be5 36. g4 hxg4 37. hxg4 Rb4 38. b7 Rb2 39. Kg2 Rb3 40. Kf3
Rb4 41. Ke2 Rb1 42. Kd2 Rb4 43. Kd3 Kh6 44. Bc5 Rb1 45. Kc4 Kg6 46. Kd5 Rb3 47.
Bd6 Bxd6 48. Kxd6 f5 49. Kc7 Rc3+ 50. Kd8 Rb3 51. Kc8 Rc3+ 52. Rc7 1-0

[Event "World Youth U16 Olympiad"]
[Site "Gyor HUN"]
[Date "2014.12.16"]
[Round "5.7"]
[Board "4"]
[White "Vangsgaard, Freja"]
[Black "Zhou, Qiyu"]
[Result "0-1"]
[BlackTitle "WFM"]
[WhiteElo "1801"]
[BlackElo "2156"]
[WhiteTeam "Denmark"]
[BlackTeam "Canada 1"]
[WhiteFideId "1436589"]
[BlackFideId "505161"]
[EventDate "2014.12.13"]
[EventType "team"]

1. d4 Nf6 2. c4 e6 3. Nc3 Bb4 4. e3 O-O 5. Ne2 d5 6. a3 Be7 7. cxd5 exd5 8. b4
c6 9. Ng3 b5 10. Bd2 a5 11. Na2 Na6 12. Bd3 Be6 13. O-O Ra7 14. Qc2 Qa8 15. Qb2
axb4 16. axb4 Nd7 17. Bc3 Nb6 18. Qb1 h6 19. Nc1 Nc4 20. Bc2 Nc7 21. Nd3 Rxa1
22. Qxa1 Qb7 23. Nc5 Qb6 24. Qd1 Na3 25. Bb3 Ra8 26. Qe2 Nc4 27. Ra1 Rxa1+ 28.
Bxa1 Qa7 29. Qa2 Qxa2 30. Bxa2 g6 31. Bb1 Bc8 32. Ne2 Na6 33. Bc3 Kf8 34. Kf1
Bd6 35. g3 Bh3+ 36. Ke1 Nb8 37. Nf4 Bxf4 38. gxf4 Ke7 39. Ke2 Kf6 40. Kf3 Bf1
41. Bd3 Bxd3 42. Nxd3 Nd7 43. Nc5 Ndb6 44. Be1 Kf5 45. Nb7 Na3 46. Nd8 Nc2 47.
Bd2 Nc4 48. Bc3 N4a3 49. Ke2 Kg4 50. Nxc6 Kh3 51. Ne7 Kxh2 52. Nxd5 Nc4 53. Kd3
N2a3 54. Nc7 Nd6 55. d5 h5 56. e4 h4 57. e5 Nb7 58. e6 fxe6 59. dxe6 Kg2 60. e7
Nd6 61. Be5 Nac4 62. Bxd6 Nxd6 63. Nxb5 Ne8 64. Nc3 h3 65. Ne2 Kxf2 66. b5 h2 0-1

[Event "World Youth U16 Olympiad"]
[Site "Gyor HUN"]
[Date "2014.12.16"]
[Round "5.8"]
[Board "1"]
[White "Deac, Bogdan-Daniel"]
[Black "Szostko, Jakub"]
[Result "1-0"]
[WhiteTitle "FM"]
[WhiteElo "2391"]
[BlackElo "2168"]
[WhiteTeam "Romania"]
[BlackTeam "Poland 2"]
[WhiteFideId "1226380"]
[BlackFideId "1174282"]
[EventDate "2014.12.13"]
[EventType "team"]

1. d4 Nf6 2. c4 g6 3. Nf3 Bg7 4. g3 O-O 5. Bg2 d6 6. Nc3 Nc6 7. O-O a6 8. Bf4
Rb8 9. Rc1 Nh5 10. Be3 e5 11. dxe5 dxe5 12. Qa4 Nd4 13. Rfd1 c5 14. Qa3 b6 15.
Bxd4 exd4 16. e3 Bb7 17. exd4 cxd4 18. Nd5 Bxd5 19. cxd5 Qxd5 20. Nxd4 Qa5 21.
Qxa5 bxa5 22. b3 a4 23. Nc6 Rb6 24. bxa4 Rb2 25. Bd5 Nf6 26. Bb3 Ne4 27. Rc2
Rxc2 28. Bxc2 Nc3 29. Rd7 Nxa2 30. Bb3 Nc3 31. Nd8 Ne4 32. Bxf7+ Kh8 33. Ne6 Rb8
34. Bxg6 hxg6 35. Rxg7 Nc5 36. Re7 Nxa4 37. h4 Nc3 38. Nf4 Rb6 39. Kg2 a5 40.
Ra7 a4 41. g4 Kg8 42. g5 Rb3 43. Nxg6 a3 44. h5 a2 45. h6 Rb7 46. Rxb7 1-0

[Event "World Youth U16 Olympiad"]
[Site "Gyor HUN"]
[Date "2014.12.16"]
[Round "5.8"]
[Board "2"]
[White "Snihur, Piotr"]
[Black "Dolana, Andrei-Theodor"]
[Result "0-1"]
[WhiteElo "2161"]
[BlackElo "2279"]
[WhiteTeam "Poland 2"]
[BlackTeam "Romania"]
[WhiteFideId "1157191"]
[BlackFideId "1219804"]
[EventDate "2014.12.13"]
[EventType "team"]

1. e4 c5 2. Nf3 e6 3. d4 cxd4 4. Nxd4 a6 5. Bd3 Nf6 6. O-O Qc7 7. Qe2 d6 8. c4
Nbd7 9. b3 Be7 10. Bb2 O-O 11. Nc3 b6 12. Rad1 Bb7 13. Kh1 Rfe8 14. f4 Rad8 15.
Bb1 Bf8 16. Nf3 g6 17. Ng5 Bg7 18. Qd2 h6 19. Nf3 Nf8 20. Qe1 Nh5 21. Qd2 Nf6
22. Ba3 d5 23. e5 Ne4 24. Nxe4 dxe4 25. Nd4 f5 26. exf6 Bxf6 27. Qe3 e5 28. fxe5
Bg5 29. Qg3 Be7 30. Bb2 Bc5 31. Nf5 Rxd1 32. Rxd1 Rd8 33. Nd6 Qe7 34. Qf4 g5 35.
Qd2 e3 36. Qe2 Ne6 37. Rf1 Nf4 38. Rxf4 gxf4 39. Nf5 Qg5 40. Nxh6+ Qxh6 41. Qg4+
Qg7 42. Qe6+ Kf8 43. Qf5+ Ke7 0-1